| Tag |
First Indicator |
Second Indicator |
Subfields |
| LEADER |
00000cam a22000008i 4500 |
| 001 |
in00000313721 |
| 005 |
20151010152824.0 |
| 008 |
780524s1978 paua b 00110 eng |
| 010 |
|
|
|a 77088313
|
| 020 |
|
|
|a 0721631339
|
| 035 |
|
|
|a (OCoLC)04005219
|
| 035 |
|
|
|9 ABJ0963AM
|
| 040 |
|
|
|a DLC
|c DLC
|d TXA
|d UtOrBLW
|
| 049 |
|
|
|a TXAM
|c [1402553]
|
| 050 |
0 |
0 |
|a RT31
|b .D64 1978
|
| 060 |
|
0 |
|a WY11.1 B659n
|
| 082 |
0 |
|
|a 362.1/04/25
|
| 100 |
1 |
|
|a Dolan, Josephine A.
|
| 245 |
1 |
0 |
|a Nursing in society :
|b a historical perspective /
|c Josephine A. Dolan.
|
| 250 |
|
|
|a 14th ed.
|
| 264 |
|
1 |
|a Philadelphia :
|b Saunders,
|c 1978.
|
| 300 |
|
|
|a viii, 402 pages :
|b illustrations ;
|c 27 cm.
|
| 336 |
|
|
|a text
|b txt
|2 rdacontent
|
| 337 |
|
|
|a unmediated
|b n
|2 rdamedia
|
| 338 |
|
|
|a volume
|b nc
|2 rdacarrier
|
| 504 |
|
|
|a Includes bibliographies and index.
|
| 650 |
|
0 |
|a Nursing
|x History.
|
| 650 |
|
0 |
|a Nursing
|x Social aspects
|x History.
|
| 650 |
|
2 |
|a History of Nursing.
|
| 999 |
|
|
|a MARS
|
| 999 |
f |
f |
|s 68397ef5-4768-3893-b9f1-c9c028bd3571
|i b28d2f88-7ce7-3e09-86b9-3282e4dac433
|t 0
|
| 952 |
f |
f |
|p ric
|a Texas A&M University
|b Rellis Campus
|c Joint Library Facility
|d Remote Storage
|t 0
|e RT31 .D64 1978
|h Library of Congress classification
|i unmediated -- volume
|m A14805160022
|
| 998 |
f |
f |
|a RT31 .D64 1978
|t 0
|l Remote Storage
|